US States With National Parks - Sudden Death - Statistics

General Stats
  • This quiz has been taken 30 times
  • The average score is 18 of 30
Answers on the Grid
Answers color-coded by a green-red scale on the quiz's grid according to % correct below.
Alabama
Alaska
Arizona
Arkansas
California
Colorado
Connecticut
Delaware
Florida
Georgia
Hawaii
Idaho
Illinois
Indiana
Iowa
Kansas
Kentucky
Louisiana
Maine
Maryland
Massachusetts
Michigan
Minnesota
Mississippi
Missouri
Montana
Nebraska
Nevada
New Hampshire
New Jersey
New Mexico
New York
North Carolina
North Dakota
Ohio
Oklahoma
Oregon
Pennsylvania
Rhode Island
South Carolina
South Dakota
Tennessee
Texas
Utah
Vermont
Virginia
Washington
West Virginia
Wisconsin
Wyoming
 
Answer Stats
Answer % Correct
Glacier Bay, Katmai, Kenai Fjords, Lake Clark, Wrangell-St. Elias, Denali, Kobuk Valley, Gates of the Arctic Alaska
96%
Joshua Tree, Channel Islands, Sequoia, Pinnacles, Kings Canyon, Yosemite, Lassen Volcanic, Redwood, Death Valley California
96%
Saguaro, Petrified Forest, Grand Canyon Arizona
83%
Hawai'i Volcanoes, Haleakala Hawaii
79%
Mesa Verde, Great Sand Dunes, Black Canyon of the Gunnison, Rocky Mountain Colorado
75%
Glacier, Yellowstone Montana
75%
Grand Teton, Yellowstone Wyoming
75%
Dry Tortugas, Everglades, Biscayne Florida
71%
Zion, Bryce Canyon, Canyonlands, Capitol Reef, Arches Utah
71%
Mount Rainier, Olympic, North Cascades Washington
71%
Great Basin, Death Valley Nevada
67%
Acadia Maine
63%
Carlsbad Caverns, White Sands New Mexico
63%
Crater Lake Oregon
58%
Wind Cave, Badlands South Dakota
58%
Big Bend, Guadalupe Mountains Texas
58%
Hot Springs Arkansas
54%
Yellowstone Idaho
54%
Shenandoah Virginia
54%
Indiana Dunes Indiana
46%
Theodore Roosevelt North Dakota
46%
Mammoth Cave Kentucky
42%
Isle Royale Michigan
42%
Gateway Arch Missouri
42%
Great Smoky Mountains Tennessee
42%
New River Gorge West Virginia
42%
Voyageurs Minnesota
38%
Great Smoky Mountains North Carolina
38%
Congaree South Carolina
38%
Cuyahoga Valley Ohio
33%
No matching quizzes found
Score Distribution
Percent of People with Each Score
Percentile by Number Answered
Your Score History
You have not taken this quiz